| 000 | 01558nam a2200433 a 4500 | ||
|---|---|---|---|
| 001 | 000025360 | ||
| 003 | DO-SdBNP | ||
| 005 | 20151009090634.0 | ||
| 007 | 000025360 | ||
| 008 | 110215s2001 dr a 000 0 spa d | ||
| 020 | _z9993483494 | ||
| 040 |
_aBPMSU _bspa _cBPMSU |
||
| 092 |
_a923.17293 _bH594u, 2001 |
||
| 100 | 1 |
_aCassá, Roberto, _d1942- |
|
| 245 | 1 | 0 |
_aUlises Heureaux : _bel tirano perfecto / _cRoberto Cassá ; ilustraciones Ramiro Manzano. |
| 250 | _a2a. ed. | ||
| 260 |
_aSanto Domingo : _bTobogán, _c2006 _eAlfa y Omega |
||
| 300 |
_a69 p. : _bil. ; _c21 cm. |
||
| 490 | 1 | _aBiografías dominicanas Tobogán | |
| 504 | _aBibliografía : p. 69. | ||
| 600 | 1 | 4 |
_aHEUREAUX, ULISES, _d1845-1899 |
| 651 | 4 |
_aPRESIDENTES _zREPÚBLICA DOMINICANA _xBIOGRAFÍAS |
|
| 651 | 4 |
_aREPÚBLICA DOMINICANA _xHISTORIA _y1844-1930 |
|
| 700 | 1 |
_aManzano, Ramiro, _eil. |
|
| 830 | 0 | _aBiografías dominicanas Tobogan | |
| 910 | _aValidado. Control de calidad EMS | ||
| 930 | 1 |
_lBND01 _mLF1 _820110215 _f01 _pHD _g16304 |
|
| 942 |
_2ddc _cBK |
||
| 956 |
_aYPOLANCO _b10 _c20110215 _lBND01 _h1156 |
||
| 956 |
_aYPOLANCO _b10 _c20110215 _lBND01 _h1156 |
||
| 956 |
_aBTAVAREZ _b10 _c20110215 _lBND01 _h1540 |
||
| 956 |
_aEMARRERO _b40 _c20110330 _lBND01 _h1232 |
||
| 956 |
_aEMARRERO _b40 _c20110330 _lBND01 _h1233 |
||
| 956 |
_aEMARRERO _b40 _c20110330 _lBND01 _h1459 |
||
| 956 |
_aEMARRERO _b40 _c20110330 _lBND01 _h1504 |
||
| 956 |
_aEMARRERO _b40 _c20110330 _lBND01 _h1520 |
||
| 956 |
_aEMARRERO _b40 _c20110330 _lBND01 _h1530 |
||
| 956 |
_aEMARRERO _b40 _c20110705 _lBND01 _h1208 |
||
| 999 |
_c7210 _d7210 |
||